Latin American Capitals - Statistics

General Stats
  • This quiz has been taken 277 times
  • The average score is 16 of 26
Answer Stats
Country Capital % Correct
Argentina Buenos Aires
94%
Mexico Mexico City
87%
Cuba Havana
82%
Chile Santiago de Chile
80%
Colombia Bogota
79%
Brazil Brasilia
79%
Panama Panama City
79%
Peru Lima
78%
El Salvador San Salvador
78%
Venezuela Caracas
74%
Ecuador Quito
73%
Uruguay Montevideo
71%
Costa Rica San Jose
70%
Paraguay Asuncion
61%
Bolivia Sucre
60%
Dominican Republic Santo Domingo
59%
Puerto Rico San Juan
55%
Jamaica Kingston
52%
Haiti Port Au Prince
49%
Nicaragua Managua
48%
Honduras Tegucigalpa
48%
Belize Belmopan
37%
Guyana Georgetown
37%
Suriname Paramaribo
26%
French Guiana Cayenne
25%
Guatemala Guetemala City
3%
No matching quizzes found
Score Distribution
Percent of People with Each Score
Percentile by Number Answered
Your Score History
You have not taken this quiz